01458cam a2200361 i 45000010008000000030009000080050017000170080041000340200032000750200018001070400039001250820024001641000043001882450096002312640038003272640010003653000043003753360026004183370028004443380027004725000091004995040052005906500064006426500052007066500053007586510010008116530034008216550017008557000041008729420012009139990017009259520154009422052257EG-ScBUE20250716094228.0930909t1994 flua f bf 001 0 eng d a0849301971 (acidfree paper) a9780849301971 aDLCbengerdacDLCdDLCdEG-ScBUE 04a541.360212bLID2221 aLide, David R.,d1928-eauthor.93916910aCRC handbook of thermophysical and thermochemical data /cDavid R. Lide, Henry V. Kehiaian. 1aBoca Raton : bCRC Press,c[1994] 4cc1994 ax, 518 pages :billustrations ;c28 cm 2rdacontentatextbtxt 2rdamediaaunmediatedbn 2rdacarrieravolumebnc aThe software mentioned in this book is now available for download on our web site at : aIncludes bibliographical references and index.  7aMatterxThermal propertiesxHandbooks, manuals, etc.2BUEsh 7aThermodynamicsxHandbooks, manuals, etc.2BUEsh 7aThermochemistryxHandbooks, manuals, etc.2BUEsh 2BUEsh bENGGENcJuly2015cJanuary2016 vReading book1 aKehiaian, H. V.q(Henry V.)eauthor. 2ddccBB c20336d20308 00102ddc40708BaccahaMAINbMAINc0THd2015-07-09ePurchaseg2565.00h21782l0o541.360212 LIDp000039390r2025-07-15 00:00:00v3206.00yREFERENCE